Loreto College Library, Kolkata
WEBOPAC (ONLINE PUBLIC ACCESS CATALOGUE)

Duradarshan aur samajik vikas (Record no. 19798)

MARC details
000 -LEADER
fixed length control field 00413nam a2200157Ia 4500
008 - FIXED-LENGTH DATA ELEMENTS--GENERAL INFORMATION
fixed length control field 131103s9999 xx 000 0 und d
040 ## - CATALOGING SOURCE
Original cataloging agency Loreto College
041 ## - LANGUAGE CODE
Language code English
082 ## - DDC | ডিউই
Classification number | বর্গসংখ্যা 491.43/CHA
Book Number | গ্রন্থাঙ্ক LCLIB/40,112
100 ## - MAIN ENTRY--PERSONAL NAME | মুখ্য সংলেখ - ব্যাক্তিনাম
Personal name | ব্যাক্তিনাম Chaturvedi,Jagadiswar
245 ## - TITLE STATEMENT | অাখ্যা বিবরণী
Title | অাখ্যা Duradarshan aur samajik vikas
Statement of responsibility | লেখকের দায়িত্বের বিবরণ Jadiswar Chaturvedi
300 ## - PHYSICAL DESCRIPTION |
Page / Vol. No | পৃষ্ঠা / খন্ড সংখ্যা 192p
650 ## - SUBJECT ADDED ENTRY--TOPICAL TERM | বিষয় শিরোনাম - মূল বিষয়
Topical term | মূল বিষয় Hindi language
850 ## - HOLDING INSTITUTION
Holding institution LCLIB/491.43/CHA
942 ## - ADDED ENTRY ELEMENTS (KOHA)
Koha item type Books
Holdings
Withdrawn status Lost status Damaged status Not for loan Home library Current library Date acquired Total Checkouts Full call number Accession No. Date last seen Price effective from Koha item type
        Loreto College Loreto College 04/11/2013   491.43/CHA LCLIB/40,112 B21475 04/11/2013 04/11/2013 Books